00225nam a2200097Ia 4500008004100000100002100041245003000062260001400092260000900106546001200115170619s9999 xx 000 0 und d aDiniz- Paub S.R. 0aDigital Signal Processing bCambridge c2002 aENGLISH